[Event "Sparta ESPPEP-ch op 13th"]
[Site "Sparta"]
[Date "2017.03.31"]
[Round "1.1"]
[White "Avdouli, Evangelia"]
[Black "Kostianis, Georgios"]
[Result "1-0"]
[WhiteElo "1625"]
[BlackElo "2028"]
[PlyCount "117"]
[EventDate "2017.03.31"]
[EventType "swiss"]
[EventRounds "5"]
[EventCountry "GRE"]
[SourceTitle "EXT 2024"]
[Source "ChessBase"]
[SourceDate "2023.10.10"]
[SourceVersion "1"]
[SourceVersionDate "2023.10.10"]
[SourceQuality "1"]

1. e4 c5 2. f4 d6 3. Nf3 Nc6 4. Bb5 Bd7 5. 0-0 g6 6. c3 Bg7 7. Kh1 a6 8. Ba4 b5 9. Bc2 Qb6 10. Qe1 Nf6 11. d3 0-0 12. Be3 b4 13. Nbd2 Qc7 14. h3 Rab8 15. Qh4 Na5 16. c4 Nc6 17. g4 e6 18. f5 exf5 19. gxf5 Nh5 20. Rg1 Kh8 21. Bd1 Rbe8 22. Bg5 h6 23. f6 hxg5 24. fxg7+ Kxg7 25. Nxg5 Rh8 26. Bxh5 Rxh5 27. Qxh5 Rh8 28. Qf3 Ne5 29. Qg3 f6 30. h4 fxg5 31. Qxg5 Be8 32. Raf1 Qd7 33. Rg3 Qe6 34. Kg2 Rh6 35. Rf2 Bd7 36. Qf5 Rxh4 37. Qxe6 Bxe6 38. Nf3 Nxf3 39. Rgxf3 Rh5 40. Rf8 Bh3+ 41. Kg3 Be6 42. Rd8 Rh3+ 43. Kf4 Kf6 44. Rf3 Rxf3+ 45. Kxf3 Ke5 46. Ra8 g5 47. Rxa6 g4+ 48. Kg3 Bd7 49. a4 bxa3 50. bxa3 Bc8 51. Ra8 Bd7 52. Rd8 Ba4 53. Kf2 Bc2 54. Ke3 Bd1 55. Rf8 Ba4 56. Ra8 Bd1 57. a4 g3 58. a5 g2 59. Rg8 1-0

[Event "Nikaia op 18th"]
[Site "Nikaia"]
[Date "2010.08.23"]
[Round "5"]
[White "Alexakis, Dimitrios"]
[Black "Kostianis, Georgios"]
[Result "1/2-1/2"]
[WhiteElo "2204"]
[BlackElo "2186"]
[PlyCount "64"]
[EventDate "2010.08.20"]
[EventType "swiss"]
[EventRounds "9"]
[EventCountry "GRE"]
[SourceTitle "CBM 138 Extra"]
[Source "ChessBase"]
[SourceDate "2010.10.29"]
[SourceVersion "1"]
[SourceVersionDate "2010.10.29"]
[SourceQuality "1"]

1. e4 c5 2. Nf3 e6 3. d4 cxd4 4. Nxd4 Nc6 5. Nc3 a6 6. g3 Qc7 7. Bg2 b5 8. Nxc6 dxc6 9. 0-0 Nf6 10. Bg5 Be7 11. e5 Nd5 12. Bxe7 Qxe7 13. Ne4 0-0 14. Qh5 Ra7 15. Rad1 Rd8 16. Rd3 Rad7 17. f4 Nb4 18. Rxd7 Bxd7 19. c3 Nd5 20. Qe2 Bc8 21. Rd1 Bb7 22. Nd6 Ba8 23. Qf2 h6 24. Qc5 Qc7 25. Bxd5 exd5 26. Rxd5 Qa5 27. Rd1 Qxa2 28. f5 Qxb2 29. e6 fxe6 30. Qe5 c5 31. Qxe6+ Kh7 32. Qg6+ Kg8 1/2-1/2

[Event "Aegean op 33rd"]
[Site "Aghios Kirykos"]
[Date "2010.07.20"]
[Round "8"]
[White "Frosinos, Ioannis"]
[Black "Kostianis, Georgios"]
[Result "0-1"]
[WhiteElo "1878"]
[BlackElo "2186"]
[PlyCount "70"]
[EventDate "2010.07.13"]
[EventType "swiss"]
[EventRounds "9"]
[EventCountry "GRE"]
[SourceTitle "CBM 137 Extra"]
[Source "ChessBase"]
[SourceDate "2010.09.01"]
[SourceVersion "1"]
[SourceVersionDate "2010.09.01"]
[SourceQuality "1"]

1. b4 d5 2. Bb2 Qd6 3. a3 e5 4. e3 Nf6 5. Nf3 Nbd7 6. c4 g6 7. Nc3 c6 8. Rc1 Bg7 9. cxd5 Nxd5 10. Na4 0-0 11. Be2 e4 12. Bxg7 exf3 13. Bxf8 fxg2 14. Bxd6 gxh1Q+ 15. Bf1 N7f6 16. d3 Bg4 17. Qc2 Re8 18. Bg3 Nh5 19. Nc3 Bh3 20. Kd2 Bxf1 21. Nxd5 cxd5 22. Qd1 Nxg3 23. hxg3 d4 24. Qxf1 dxe3+ 25. fxe3 Qh2+ 26. Qe2 Qxg3 27. d4 h5 28. Rf1 Rc8 29. Rf4 Qg1 30. Rf1 Qg3 31. Rf4 Qh3 32. d5 Qh1 33. Qd3 Qc1+ 34. Ke2 Rc2+ 35. Kf3 Qh1+ 0-1

[Event "Aegean op 33rd"]
[Site "Aghios Kirykos"]
[Date "2010.07.15"]
[Round "3"]
[White "Kostianis, Georgios"]
[Black "Kamenets, Anatolij"]
[Result "0-1"]
[WhiteElo "2186"]
[BlackElo "2246"]
[PlyCount "71"]
[EventDate "2010.07.13"]
[EventType "swiss"]
[EventRounds "9"]
[EventCountry "GRE"]
[SourceTitle "CBM 137 Extra"]
[Source "ChessBase"]
[SourceDate "2010.09.01"]
[SourceVersion "1"]
[SourceVersionDate "2010.09.01"]
[SourceQuality "1"]

1. c4 g6 2. Nc3 Bg7 3. Nf3 d6 4. d4 Bg4 5. e4 Nc6 6. Be3 e5 7. d5 Nd4 8. Nb5 Nxf3+ 9. gxf3 Bd7 10. Bd3 b6 11. Qc2 a6 12. Nc3 Qf6 13. Qe2 Qh4 14. b4 a5 15. bxa5 Rxa5 16. Nb5 Qd8 17. Bd2 Ra4 18. Qd1 Bxb5 19. cxb5 Qa8 20. Qc2 Ra7 21. a4 Nf6 22. Qc6+ Nd7 23. Ke2 Ke7 24. Bc2 h5 25. Ra3 Bh6 26. Bc3 Bf4 27. h3 Nc5 28. Rha1 Qxc6 29. bxc6 Rha8 30. Bb4 Na6 31. Bc3 Kf6 32. a5 Nc5 33. Bb4 b5 34. a6 Ke7 35. Bd3 Rb8 36. Rb3 0-1